000 01200cam a2200349 a 4500
001 4125
003 FISKH
005 20240607153307.0
008 120824s2013 nyu d 000 1 eng
010 _a 2012028389
020 _a9780062085535 (hardcover bdg)
020 _a9780062085542
040 _aDLC
_cDLC
_dDLC
_beng
042 _alcac
_apcc
050 0 0 _aPZ7.M2695
082 0 0 _a813.6
100 1 _aMafi, Tahereh.
245 1 0 _aUnravel me /
_cTahereh Mafi.
250 _aFirst paperback edition, 2013
260 _aNew York :
_bHarper,
_c2013.
300 _a461, 17 pages :
_c21 cm
490 _aShatter Me
_vBook 2
520 _a"Juliette has escaped to Omega Point, the headquarters of the rebel resistance and a safe haven for people with abilities like hers. She is finally free from The Reestablishment and their plans to use her as a weapon, but Warner, her former captor, won't let her go without a fight."
650 1 _aScience fiction.
650 1 _aAbility
_vFiction.
650 1 _aLove
_vFiction.
650 1 _aSoldiers
_vFiction.
650 1 _aDictatorship
_vFiction.
906 _a7
_bcbc
_corignew
_d1
_eecip
_f20
_gy-gencatlg
942 _2ddc
_cBK
_n0
999 _c4125
_d4125